小田急バス 全停留所クイズ - Statistics

General Stats
  • This quiz has been taken 14 times
  • The average score is 292 of 1001
Answer Stats
停留所名 % Correct
調布
85%
調布駅北口
85%
仙川
77%
仙川駅
77%
吉祥寺駅
69%
新川
69%
新川団地中央
69%
公園前(多摩区)
62%
狛江駅北口
62%
下連雀
62%
新川通り
62%
調布駅南口
62%
布田
62%
布田一丁目
62%
布田一丁目(国道20号)
62%
布田(国道20号)
62%
三鷹駅
62%
吾妻
54%
54%
狛江営業所
54%
狛江駅南口
54%
佐須
54%
市境
54%
渋谷駅
54%
仙川駅入口
54%
深大寺
54%
深大寺小学校
54%
神代植物公園前
54%
千歳烏山駅北口
54%
千歳烏山駅北口(降車場)
54%
千歳烏山駅南口
54%
調布銀座
54%
調布中学校
54%
54%
電気通信大学前
54%
中原三丁目
54%
中原小学校
54%
野崎
54%
八幡前
54%
MCC三鷹ビル
54%
曙住宅
46%
アジア・アフリカ語学院前(団地西口)
46%
井口新田
46%
和泉多摩川駅
46%
稲荷前(調布市)
46%
稲荷前(ムーバス)
46%
猪方
46%
入間町一丁目
46%
宇山
46%
宇奈根
46%
大沢
46%
大沢グランド入口
46%
大沢コミュニティセンター
46%
大沢橋・羽沢小学校前
46%
御塔坂
46%
御塔坂下
46%
おらほ橋
46%
上祖師谷四丁目
46%
上町
46%
烏山総合支所前
46%
北浦(多摩区)
46%
北浦(三鷹市)
46%
北烏山九丁目屋敷林
46%
北野
46%
喜多見住宅
46%
吉祥寺営業所前
46%
吉祥寺駅中央口(降車場)
46%
砧中学校下
46%
経堂駅
46%
杏林大学病院
46%
杏林大学病院入口
46%
杏林大学病院前
46%
くぬぎ橋
46%
公園入口
46%
国際基督教大学
46%
国領駅
46%
国領七丁目
46%
国領八丁目
46%
駒井
46%
狛江第三小学校
46%
狛江第二中学校
46%
コミュニティセンター入口
46%
コミュニティセンター西
46%
榊原記念病院
46%
山野
46%
品川通り上布田
46%
篠原病院入口
46%
下石原
46%
下石原一丁目
46%
下連雀七丁目
46%
新小金井駅
46%
成城一番
46%
成城学園前駅西口
46%
成城三番
46%
深大寺入口
46%
深大寺北町
46%
深大寺市営住宅
46%
大成高校前
46%
多摩駅
46%
千歳船橋駅
46%
中央道深大寺バス停下
46%
調布駅入口
46%
調布市総合体育館前
46%
調布消防署前
46%
調布第二小学校
46%
調布飛行場
46%
つつじヶ丘
46%
第五中学校
46%
道玄坂上
46%
道玄坂上(交番前)
46%
中原一丁目
46%
西野
46%
西原
46%
二中前
46%
野ヶ谷
46%
萩の原住宅
46%
原山交差点
46%
東野住宅
46%
東町三丁目
46%
火の見下
46%
富士見町三丁目
46%
二子玉川
46%
馬場
46%
文化園前
46%
三鷹市役所前
46%
三鷹農協前
46%
南浦
46%
武蔵境営業所
46%
八雲台
46%
八雲台小学校
46%
八雲台郵便局
46%
吉野南
46%
赤堤
38%
赤堤小学校前
38%
朝日新聞社前
38%
朝日町
38%
朝日町三丁目
38%
亜細亜大学
38%
亜細亜大学北
38%
淡島
38%
井口一丁目
38%
井口八幡入口
38%
井口・日赤入口
38%
池尻
38%
池尻大橋駅
38%
池尻住宅
38%
医師会館
38%
和泉本町
38%
一の橋
38%
猪方中通り入口
38%
猪方四丁目
38%
入間住宅
38%
入間町三丁目
38%
宇奈根ハンカチ公園
38%
梅ヶ丘駅
38%
榎北
38%
大蔵二丁目
38%
大蔵ランド前
38%
大坂上
38%
大沢公会堂
38%
大沢五丁目
38%
大沢十字路
38%
大沢台小学校前
38%
大沢四丁目
38%
大橋
38%
かえで通り
38%
上祖パンダ公園南
38%
上連雀一丁目アパート
38%
上連雀八丁目
38%
関東中央病院前
38%
北野一丁目
38%
北野公園
38%
北野小東
38%
北の台
38%
北野駐在所前
38%
喜多見駅
38%
砧町
38%
希望ヶ丘小学校
38%
希望ヶ丘団地
38%
希望ヶ丘東公園
38%
経堂赤堤通り団地
38%
経堂駅入口
38%
経堂小学校前
38%
杏林大学井の頭キャンパス
38%
区立温水プール前
38%
車返団地
38%
京王よみうりランド駅
38%
けやき橋
38%
航研前
38%
厚生園裏
38%
国際基督教大学入口
38%
駒井西
38%
狛江六小入口
38%
駒場
38%
五宿
38%
境一丁目
38%
境五丁目
38%
境五丁目南
38%
境三丁目
38%
境二丁目
38%
境冒険遊び場公園
38%
桜小学校
38%
桜上水二丁目
38%
桜堤団地入口
38%
桜通り
38%
三本杉
38%
市民会館前
38%
市民テニスコート入口
38%
下本宿
38%
下連雀五丁目
38%
下連雀六丁目
38%
聖徳学園
38%
消防大学前
38%
昭和女子大
38%
昭和大学附属烏山病院
38%
白糸台
38%
白糸台三丁目
38%
白百合女子大学入口
38%
白百合女子大学・八幡神社・宝乗寺前
38%
新川五丁目
38%
新川宿
38%
新川二丁目
38%
新川谷端児童公園入口
38%
新道北
38%
水道局前
38%
水道辻
38%
スイングロード
38%
すきっぷ前
38%
諏訪神社
38%
成城学園前駅南口
38%
成城九丁目
38%
成城二番
38%
成城町
38%
成城四番
38%
西部コミュニティセンター
38%
赤十字北
38%
世田谷駅前
38%
児童公園
38%
浄水場
38%
深大寺東町一丁目
38%
大成高校変電所前
38%
たかや橋
38%
多摩駅入口
38%
多摩川住宅中央
38%
多摩川住宅南口
38%
地区公会堂
38%
千歳中学校前
38%
中央商店街
38%
調布北高校前
38%
調布西町
38%
塚交差点北
38%
塚戸
38%
津田公園入口
38%
つつじヶ丘駅南口
38%
つりがね池公園
38%
天神前(稲城市)
38%
天神前(三鷹市)
38%
天文台裏
38%
天文台前
38%
東京外国語大学前
38%
都営狛江団地
38%
都営境五丁目アパート
38%
都営深大寺住宅前
38%
都立総合工科高校前
38%
代沢十字路
38%
代沢小学校
38%
代沢四丁目
38%
大東学園
38%
第七小学校前
38%
第二住宅
38%
第八分団前
38%
団地上水端
38%
団地中央(鴨志田団地)
38%
団地中央(桜堤団地)
38%
団地中央(三鷹台団地)
38%
団地南
38%
団地南口(新川団地)
38%
電通大学生寮前
38%
中里
38%
仲町通り
38%
長峰
38%
西和泉
38%
西一番通り
38%
西つつじヶ丘四丁目
38%
日獣大馬場
38%
二の橋
38%
日本獣医生命科学大学
38%
日本女子体育大学前
38%
農大一高前
38%
農大前
38%
野川公園入口
38%
野崎八幡
38%
野沢銀座
38%
野沢龍雲寺
38%
のぞみの家
38%
野水一丁目
38%
野村病院
38%
配水場前
38%
八幡山一丁目
38%
八幡山駅
38%
東和泉二丁目
38%
東町一丁目
38%
富士重工前
38%
富士見商店街西
38%
富士見商店街東
38%
富士見町住宅前
38%
富士見通り
38%
二子玉川駅
38%
船橋交番
38%
船橋地区会館
38%
船橋まちづくりセンター
38%
パークシティ牟礼南
38%
文化園西
38%
松原(狛江市)
38%
松原(世田谷区)
38%
三鷹台駅
38%
南横丁
38%
明星学園前
38%
牟礼団地・三鷹イースト前
38%
柳川公園
38%
柳川橋
38%
連雀通り
38%
連雀通り商店街
38%
若葉町
38%
若葉町三丁目
38%
NHK技術研究所
38%
NTT中央研修センタ
38%
青葉台四丁目
31%
あざみ野駅
31%
亜細亜大学西
31%
亜細亜大学前(境五丁目)
31%
亜細亜大学南門
31%
荒玉水道
31%
井口三丁目
31%
和泉狛江消防署前
31%
和泉児童館
31%
和泉小学校西
31%
和泉本町三丁目
31%
いちょう通り中央
31%
稲城駅
31%
稲田堤駅入口
31%
稲田堤駅入口(中央通り西)
31%
稲田堤駅入口(中央通り東)
31%
井之頭病院裏
31%
岩戸北一丁目
31%
岩戸地域センター
31%
永安寺前
31%
海上技研前
31%
柿生駅北口
31%
鎌田
31%
上石原
31%
上馬
31%
上北沢公園
31%
上北沢二丁目
31%
北沢タウンホール
31%
北成城町
31%
北野水無
31%
北野四丁目
31%
喜多見駅入口
31%
喜多見中学校
31%
砧浄水場前
31%
砧総合支所(成城学園前駅入口)
31%
希望ヶ丘記念公園
31%
境南一丁目
31%
境南二丁目
31%
黒川
31%
京王ストアー前
31%
小足立のびのび公園入口
31%
小足立橋
31%
公園前団地北口
31%
光明学校前
31%
国領四丁目
31%
子鹿幼稚園
31%
こまえ苑
31%
狛江市役所前
31%
こまえ正吉苑入口
31%
狛江市立緑野小学校
31%
狛江第一中学校
31%
狛江ハイタウン折返場
31%
狛江ハイタウン中央
31%
狛江ハイタウン東
31%
狛江みずほ幼稚園
31%
覚東
31%
御台橋
31%
ゴルフ練習場前
31%
境橋
31%
桜丘三丁目
31%
桜二の橋
31%
三軒茶屋
31%
三軒茶屋銀座
31%
市民グランド入口
31%
下北沢駅前
31%
下宿
31%
将軍池公園
31%
水神前
31%
成育医療研究センター前
31%
盛源寺
31%
聖マリアンナ医科大学
31%
世田谷区役所入口
31%
世田谷総合高校
31%
祖師谷国際交流会館
31%
祖師谷五丁目北
31%
祖師谷六丁目三叉路
31%
児童公園前
31%
神代団地
31%
神代団地北口
31%
たまプラーザ駅
31%
千歳台五丁目
31%
千歳台三丁目
31%
千歳台四丁目
31%
調布車庫
31%
塚戸南
31%
鶴川駅
31%
寺尾台団地
31%
東京都市大附属小学校前
31%
東京都市大附属中高前
31%
東宝前
31%
都営団地前
31%
都営東野川二丁目アパート前
31%
常盤橋
31%
代沢一丁目
31%
代沢五丁目
31%
電力中央研究所
31%
独歩通り
31%
中和泉
31%
中耕地
31%
仲谷戸
31%
中谷都
31%
南部地域センター
31%
西児童館入口
31%
日大商学部前
31%
野川大橋
31%
野川地域センター東
31%
野川緑地公園
31%
野崎二丁目
31%
登戸営業所
31%
花の通学路(境二丁目)
31%
東和泉一丁目
31%
東小金井駅北口
31%
東野川テニスコート前
31%
平尾
31%
福祉会館前
31%
婦人会館
31%
二子玉川緑地前
31%
船橋希望中学校北
31%
船橋希望中学校前
31%
ふれあい側道
31%
ふれあい遊歩道
31%
変電所前
31%
法専寺前
31%
堀合交差点西
31%
堀合交差点東
31%
堀合地下道
31%
本町通り
31%
本村公園北
31%
本村公園南
31%
前原公園
31%
松ヶ丘交番前
31%
松下電工
31%
三鷹警察署前
31%
三鷹新川浄水所
31%
三鷹第三小学校入口
31%
三鷹中等教育学校
31%
南入間町
31%
南烏山
31%
南新川
31%
南牟礼
31%
みやした橋
31%
宮前橋
31%
明照院
31%
明星学園入口
31%
武蔵高校前
31%
武蔵境駅北口
31%
武蔵境駅南口
31%
武蔵境病院
31%
武蔵野赤十字病院
31%
むらさき橋
31%
牟礼コミュニティセンター
31%
牟礼三丁目
31%
牟礼七丁目
31%
牟礼西ヶ原
31%
牟礼西町
31%
牟礼前
31%
牟礼六丁目
31%
もみじ山公園
31%
大和橋
31%
山中
31%
山中住宅
31%
山中南公園
31%
山本有三記念館
31%
郵便局前
31%
遊歩道入口
31%
ユリの木公園
31%
吉沢
31%
吉野東
31%
よみうりランド
31%
竜源寺
31%
六所神社前
31%
六中テニスコート前
31%
六中前
31%
若葉町二丁目
31%
若林一丁目
31%
若林営業所
31%
若林三丁目
31%
NTTデータビル前
31%
青渭神社前
23%
青葉区総合庁舎
23%
青葉幼稚園前
23%
麻生区役所前
23%
麻生警察署前
23%
麻生高校前
23%
麻生新町
23%
麻生スポーツセンター入口
23%
麻生不動入口
23%
旭ヶ丘東
23%
朝日公園
23%
あざみ野ガーデンズ
23%
あざみ野団地
23%
あざみ野二丁目
23%
生田駅前
23%
生田大橋
23%
生田折返場
23%
生田高校前
23%
生田根岸
23%
石原橋
23%
和泉多摩川商店街入口
23%
市が尾駅
23%
一丁目児童公園
23%
いなぎ苑前
23%
稲城市保健センター
23%
稲城市役所
23%
稲城市立病院
23%
稲城第一小学校
23%
稲城第二小学校
23%
稲城第二中学校前
23%
稲城台病院入口
23%
稲城第四中学校東
23%
稲城第六中学校
23%
稲城団地
23%
稲城中央公園
23%
稲城中央橋
23%
稲城長沼駅
23%
岩戸児童センター
23%
岩戸南四丁目
23%
鶯谷
23%
鶯谷北
23%
鶯谷南
23%
牛込
23%
美しが丘五丁目
23%
美しが丘三丁目
23%
美しが丘西一丁目
23%
ウテナ前
23%
宇奈根地区会館
23%
裏門坂
23%
王禅寺公園
23%
王禅寺公園北
23%
王禅寺五差路
23%
王禅寺坂上
23%
王禅寺中央小学校前
23%
王禅寺中央中学校前
23%
大久保
23%
大谷
23%
大場町
23%
大場町入口
23%
大丸親水公園
23%
岡上
23%
街道口
23%
柿生駅南口
23%
柿生新橋
23%
柿生中学校下
23%
柿生霊園入口
23%
片平
23%
片平中央
23%
上和泉地域センター
23%
上五郵便局前
23%
上平尾
23%
亀井
23%
鴨志田
23%
鴨志田団地
23%
烏山下宿
23%
管理事務所前
23%
木倉有楽
23%
北ヶ谷
23%
北野三丁目
23%
北ノ台小学校
23%
北野二丁目
23%
吉方公園西
23%
きつねくぼ緑地前
23%
砧図書館
23%
砧南中学校前
23%
給水塔前
23%
巨人軍室内練習場
23%
栗木
23%
栗平駅
23%
鉄町
23%
黒川分校下
23%
京王よみうりランド駅入口
23%
慶友病院
23%
けやき通り
23%
県境
23%
晃華学園
23%
交通安全教育センター入口
23%
弘法の松
23%
向陽台
23%
向陽台一丁目
23%
向陽台五丁目
23%
向陽台三丁目
23%
向陽台四丁目
23%
向陽台六丁目
23%
国士舘大学前
23%
小島町
23%
こすもす会館
23%
こどもの国
23%
ことり橋
23%
狛江市民総合体育館
23%
狛江第五小学校
23%
駒沢学園
23%
駒沢陸橋
23%
駒大グラウンド前
23%
雁追橋
23%
五反田
23%
坂浜
23%
坂浜診療所
23%
坂浜戸隠
23%
鷺沼駅
23%
桜堤上水端「hocco」
23%
さくらんぼホール
23%
山王橋公園
23%
潮見台
23%
四季の家
23%
シティテラス多摩川
23%
島守神社前
23%
清水台
23%
下麻生
23%
下鉄黒須田口
23%
下黒川
23%
下平尾
23%
正吉苑前
23%
商店街入口
23%
消費生活センター
23%
松風台
23%
消防署前
23%
昭和薬科大学
23%
城下
23%
城山公園
23%
城山公園南
23%
新川天神山青少年広場
23%
真光寺会館入口
23%
真光寺公園
23%
真光寺中学校入口
23%
真光寺緑地入口
23%
神前橋
23%
新中野橋
23%
真福寺
23%
真福寺小学校
23%
神明社前
23%
新百合ヶ丘駅
23%
新百合ヶ丘駅入口
23%
新百合ヶ丘総合病院
23%
新ゆりグリーンタウン
23%
水道局青葉事務所前
23%
菅生
23%
菅生車庫
23%
菅生中学校
23%
菅北浦三丁目
23%
菅仙谷公園前
23%
すすき野一丁目
23%
すすき野二丁目
23%
すみよし台
23%
すみれ児童公園
23%
成城警察署前
23%
成城七丁目
23%
成城八丁目
23%
聖マリアンナ医大入口
23%
泉竜寺
23%
祖師ヶ谷大蔵駅
23%
祖師谷五丁目南
23%
祖師谷商店街
23%
祖師谷商店街西
23%
祖師谷まちづくりセンター
23%
慈恵医大第三病院前
23%
地蔵前
23%
神代高校
23%
神代団地入口
23%
神代団地中央
23%
蔵敷
23%
太子堂
23%
大成高校西
23%
高石
23%
宅添橋
23%
玉川学園一丁目
23%
玉川学園なかよし公園
23%
玉川学園前駅
23%
玉川学園前駅西
23%
玉川学園前駅南口
23%
多摩川橋
23%
多摩川緑地公園
23%
多摩区役所前
23%
多摩農協園芸センター
23%
千歳台六丁目
23%
千代ヶ丘
23%
千代ヶ丘一丁目
23%
千代ヶ丘九丁目
23%
千代ヶ丘三丁目
23%
千代ヶ丘七丁目
23%
千代ヶ丘小学校入口
23%
月見ヶ丘
23%
土橋南公園
23%
土橋四丁目
23%
鶴川一丁目
23%
鶴川三丁目
23%
鶴川台中央
23%
鶴川団地
23%
鶴川中央公園
23%
鶴川二丁目
23%
鶴川緑山住宅
23%
鶴川六丁目
23%
寺尾台一丁目
23%
寺台入口
23%
桐蔭学園
23%
桐蔭学園入口
23%
東急台入口
23%
東急台南
23%
東電前
23%
東名高速下
23%
ときわ橋
23%
第一団地前
23%
第五小学校
23%
代田一丁目
23%
代田三丁目
23%
第二小学校前
23%
第四文化センター入口
23%
第四保育園入口
23%
団地坂上
23%
田園調布学園大学
23%
田園調布学園大学前
23%
中和泉四丁目
23%
中里学園入口
23%
長沢
23%
中の台
23%
中の橋
23%
長峰三丁目
23%
長峰三丁目団地
23%
長峰小学校
23%
長峰二丁目
23%
七丁目児童公園前
23%
奈良北団地
23%
奈良小学校前
23%
奈良地区センター前
23%
成瀬台三丁目
23%
成瀬台四丁目西
23%
成瀬中央通り
23%
成瀬南台公園
23%
成瀬山緑地
23%
西生田小学校
23%
西生田中学校入口
23%
虹が丘営業所
23%
西菅団地
23%
西長沢
23%
西三田団地中央
23%
日大アスレティックパーク
23%
日光
23%
日光隧道
23%
日生住宅
23%
日本映画大学
23%
日本女子大東門
23%
ぬぼこ山
23%
能ヶ谷神社下
23%
能ヶ谷二丁目
23%
野沢交番前
23%
のらくろ坂下
23%
白山一丁目
23%
白山北緑地前
23%
白山神社
23%
花島
23%
早野
23%
原店前
23%
はるひ野駅
23%
はるひ野駅入口
23%
東生田小学校
23%
東平
23%
東玉川学園二丁目
23%
東玉川学園四丁目
23%
東長沢
23%
東百合ヶ丘四丁目
23%
ひらお苑入口
23%
平尾小学校
23%
平尾浄水場
23%
平尾団地
23%
平尾四丁目
23%
平川
23%
ファミリーテニスクラブ前
23%
吹込
23%
福祉センター前
23%
藤の木
23%
船橋小学校前
23%
ふるさと村テニスクラブ
23%
宝性寺
23%
堀合遊歩道
23%
馬場二丁目
23%
馬場南
23%
プラウドシティ吉祥寺
23%
松沢病院前
23%
松見坂下
23%
丸池公園入口
23%
万助橋
23%
三宿
23%
三鷹駅北口
23%
三鷹三中前
23%
三鷹台団地
23%
三鷹の森ジブリ美術館
23%
緑ヶ丘児童館・福祉センター前
23%
緑ヶ丘小学校正門入口
23%
緑ヶ丘第三仲よし広場
23%
緑野小学校北
23%
緑橋
23%
南和泉
23%
南国領
23%
向ヶ丘遊園駅
23%
武蔵野ふるさと歴史館
23%
廻沢
23%
元和泉市民テニスコート
23%
矢野口駅
23%
有隣病院前
23%
百合ヶ丘駅
23%
吉野西
23%
読売ランド前駅(小田急線)
23%
六小通り入口
23%
稲城第四小学校
15%
稲城第六小学校南
15%
稲城長沼駅入口
15%
犬蔵
15%
犬蔵公民館前
15%
榎戸
15%
王禅寺東三丁目
15%
丘の手西
15%
柿生駅入口
15%
覚永寺
15%
化石谷公園
15%
片平四丁目
15%
金井小学校
15%
金井なかよし公園
15%
金程
15%
金程中学校前
15%
金程四丁目
15%
甲神社入口
15%
上市が尾
15%
上鉄鴨志田口
15%
亀井橋
15%
かわさき記念病院前
15%
境南五丁目
15%
境南三丁目
15%
境南四丁目
15%
晃華学園東「meedo」
15%
狛江銀座
15%
駒沢学園入口
15%
玉園台
15%
玉園台児童遊園
15%
玉林台駐在所
15%
グリーンテニスクラブ
15%
市民プール南
15%
菅高校
15%
専修大学入口・川崎ゴルフ場入口
15%
専修大学前
15%
センター前(鶴川団地)
15%
センター前(奈良北団地)
15%
総合グラウンド前
15%
総合体育館
15%
ソコラ若葉台
15%
染地通り
15%
寺家ふるさと村
15%
寺家町
15%
次大夫堀公園前
15%
善正寺
15%
蔵敷団地
15%
多摩警察署前
15%
塚戸小学校南
15%
東京ジャイアンツタウン
15%
台原
15%
中宿
15%
虹が丘小学校
15%
西関場
15%
日体大
15%
稗原
15%
東口商栄会通り(降車専用)
15%
平尾住宅東
15%
平和台入口
15%
保木入口
15%
星が丘歩道橋
15%
細山
15%
細山交番前
15%
馬場三丁目
15%
ビューコート若葉台前
15%
前原公園北口
15%
まつのき広場入口
15%
松見ヶ丘尾根
15%
松見ヶ丘北
15%
松見ヶ丘西
15%
松見ヶ丘東
15%
松見ヶ丘南
15%
松見坂上
15%
三鷹第一小学校前
15%
三鷹中央防災公園・元気創造プラザ
15%
緑ヶ丘みんなの森入口
15%
緑県税事務所
15%
緑山
15%
緑山スタジオ
15%
南菅中学校
15%
南多摩駅
15%
南多摩駅入口
15%
南多摩駅スポーツ広場
15%
南水沢
15%
南山
15%
南山小学校入口
15%
宮の台
15%
妙行寺前
15%
三輪入口
15%
三輪中央公園前
15%
三輪緑山二丁目
15%
向原
15%
向原一丁目
15%
向原二丁目
15%
明治大学正門
15%
明大入口
15%
餅坂
15%
元石川町
15%
もみの木台
15%
森ヶ丘団地入口
15%
矢野口下宿
15%
矢野口橋
15%
山内中学校前
15%
山口台中央
15%
ゆうき山公園
15%
夕日ヶ丘
15%
悠々園前
15%
有楽入口
15%
百合ヶ丘駅入口
15%
百合丘高校前
15%
百合丘三丁目
15%
ゆりの木通り
15%
幼稚園前(玉川学園台)
15%
幼稚園前(多摩区)
15%
横浜美術大学
15%
よみうりカントリークラブ前
15%
よみうりランド坂下
15%
よみうりランド天安
15%
読売ランド前駅西口(降車専用)
15%
四小通り
15%
芦花公園駅前
15%
芦花パークゴルフ練習場
15%
若葉総合高校前
15%
若葉台一丁目
15%
若葉台駅
15%
若葉台公園
15%
若葉台公園西
15%
若葉台三丁目
15%
若葉台小学校西
15%
若葉台二丁目
15%
若葉台パークヒルズ前
15%
若葉台四丁目
15%
押立稲城大橋通り
8%
押立堀公園前
8%
押立郵便局
8%
上谷戸大橋南
8%
鞍橋
8%
松陰神社前
8%
専修大学120年記念館前
8%
千都の森中央
8%
浄水所入口
8%
浄水場入口
8%
女子大前
8%
多摩町一丁目
8%
細山会館前
8%
弁天洞窟
8%
万福寺
8%
三井第一住宅
8%
三井第四住宅
8%
三菱ケミカル前
8%
百合ヶ丘カントリー俱楽部前
8%
於部屋
0%
上谷戸親水公園
0%
上谷戸体験学習館
0%
梶野町五丁目
0%
粕谷一丁目
0%
粕谷区民センター入口
0%
粕谷三丁目
0%
跨線橋前
0%
専修大学9号館
0%
長昌寺
0%
第9公園前
0%
日本製鋼住宅前
0%
平尾住宅21号棟前
0%
平尾住宅8号棟前
0%
広袴
0%
広袴一丁目
0%
広袴中央
0%
文化センター・ふれんど平尾
0%
丸山公園下
0%
無窮坂上
0%
杜の一番街
0%
芦花恒春園前
0%
No matching quizzes found
Score Distribution
Percent of People with Each Score
Percentile by Number Answered
Your Score History
You have not taken this quiz